|
|
|
|
| LEADER |
00000ny a22000003n 4500 |
| 005 |
2011051000500.0 |
| 008 |
100413s19699999po a b i000 a por d |
| 035 |
|
|
|a 2006
|
| 040 |
|
|
|a BUS
|d vLex
|
| 090 |
|
|
|c 1513
|d 1513
|
| 245 |
3 |
0 |
|a Tribunal dos Conflitos
|h [Recurso electrn̤ico]
|
| 256 |
|
|
|a Servicio en ln̕ea
|
| 260 |
|
|
|a [Portugal] :
|b [s.n.]
|
| 650 |
0 |
4 |
|a Sentencias
|z Portugal
|z Publicaciones perid̤icas
|
| 650 |
0 |
4 |
|a Tribunales
|z Portugal
|z Publicaciones perid̤icas
|
| 740 |
0 |
|
|a vLex Revista (Servicios en ln̕ea)
|
| 843 |
|
|
|a Electrn̤ica. Abierta
|
| 853 |
|
|
|8 1
|i (year)
|j (month)
|k (day)
|
| 856 |
4 |
0 |
|z Acceso restringido
|u http://vlex.com/source/tribunal-dos-conflitos-2006
|
| 942 |
|
|
|c REV
|